Termická analýza vybraných typov polymérov
Gespeichert in:
| 1. Verfasser: | |
|---|---|
| Weitere Verfasser: | |
| Format: | Manuskript Buch |
| Sprache: | Slowakisch |
| Veröffentlicht: |
2017
|
| Schlagworte: | |
| Online-Zugang: | http://is.stuba.sk/zp/portal_zp.pl?podrobnosti=114999 |
| Tags: |
Keine Tags, Fügen Sie das erste Tag hinzu!
|
MARC
| LEADER | 00000ntm a22000003a 4500 | ||
|---|---|---|---|
| 001 | stuzp63462 | ||
| 003 | SK-STU | ||
| 005 | 20170701210634.6 | ||
| 007 | ta | ||
| 008 | 150427s2015----xo-----f-mn---000-0-slo-d | ||
| 040 | |a STU |b slo | ||
| 041 | 0 | |a slo | |
| 100 | 1 | |a Garai, Viktor |u 061000 |4 aut |U MTF Materiálovotechnologická fakulta |T MTF Ústav materiálov |X 73349 |U M1000 |Y 81 |7 73349 | |
| 242 | 0 | 1 | |a Thermal analysis of selected types of polymers |y eng |
| 245 | 1 | 0 | |a Termická analýza vybraných typov polymérov |
| 260 | |c 2017 | ||
| 650 | 4 | |a stupeň kryštalinity plastov |2 slo | |
| 650 | 4 | |a plast |2 slo | |
| 650 | 4 | |a polymér |2 slo | |
| 650 | 4 | |a termická analýza |2 slo | |
| 650 | 4 | |a diferenčná skenovacia kalorimetria |2 slo | |
| 650 | 4 | |a degree of crystallinity |2 eng | |
| 650 | 4 | |a polymer |2 eng | |
| 650 | 4 | |a plastics |2 eng | |
| 650 | 4 | |a thermal analysis |2 eng | |
| 650 | 4 | |a differential scanning calorimetry |2 eng | |
| 700 | 1 | |a Černičková, Ivona |u 061000 |k Z1 |4 ths |U MTF Materiálovotechnologická fakulta |T MTF Ústav materiálov |X 66646 |U M1000 |Y 81 |7 A000066646 | |
| 856 | 4 | |u http://is.stuba.sk/zp/portal_zp.pl?podrobnosti=114999 | |
| 996 | |c M* BP-8144 |l MMSKP |s P |a 0 |w stuzp63462_0001 | ||